00426nam a2200169Ia 4500008004100000020001800041050001400059100001900073245002600092245004100118260001500159260002400174260000900198300001400207300002500221300001000246180207s9999 xx 000 0 und d a9780312491147 bK178 2002 aKappely, Sarah aFirst concepts time / cSarah Kappely and Andrea Pinnington. aNew York : bSt. Martin's Press, c2002 aunpaged : bcolor illustration ; c21cm.